[Event "SCO-ch"]
[Site "Aviemore"]
[Date "1997.??.??"]
[Round "2"]
[White "Stevenson, James"]
[Black "Parkin, James Matthew"]
[Result "1-0"]
[WhiteElo "2155"]
[BlackElo "2035"]
[PlyCount "69"]
[EventDate "1997.07.??"]
[EventType "swiss"]
[EventRounds "9"]
[EventCountry "SCO"]
[SourceTitle "EXT 1999"]
[Source "ChessBase"]
[SourceDate "1998.11.16"]
[SourceVersion "1"]
[SourceVersionDate "1998.11.16"]
[SourceQuality "1"]

1. e4 c5 2. c3 Nf6 3. e5 Nd5 4. d4 cxd4 5. Nf3 Nc6 6. cxd4 d6 7. Nc3 dxe5 8. dxe5 Ndb4 9. a3 Qxd1+ 10. Kxd1 Na6 11. b4 Bg4 12. Bf4 0-0-0+ 13. Kc2 Bxf3 14. gxf3 Nd4+ 15. Kb2 Nc7 16. Rc1 Kb8 17. Bg2 g6 18. Be3 Nce6 19. Rhd1 g5 20. Ne4 Bg7 21. Ka2 h6 22. h4 Bxe5 23. hxg5 hxg5 24. Nxg5 Nxg5 25. Bxg5 Rh2 26. Bxe7 Rxg2 27. Bxd8 Rxf2+ 28. Kb1 Nb5 29. Bc7+ Bxc7 30. Rd3 a6 31. Re1 Nd6 32. Re7 b5 33. Rd7 Nc4 34. Rxf7 Be5 35. Rd8# 1-0